000 00676nam a2200289Ia 4500
005 20260324134900.0
008 008 260324s9999 xx 000 0 eng d
020 _a9781315014548
037 _aEBOOK
040 _aCRL
040 _beng
040 _cCRL
041 _2eng
041 _aeng
084 _qCRL
100 _aCristina Chimisso
_91180342
245 0 _aGaston Bachelard
245 0 _bCritic of Science and the Imagination
260 _bTaylor and Francis
260 _c2001
365 _a
365 _b315
856 _uhttp://www.taylorfrancis.com/books/9781315014548
942 _cEBOOK
999 _c1799037
_d1799037